00946nam a2200217 a 450000100100000000500170001000800410002704000250006808200150009310000320010824501100014025000110025026000360026130000360029749000270033350000760036070000500043683000350048695201900052199900170071100004628820201002052750.0150715s1986 dr ac 000 0 spa d aDO-SdBNPbspacBNPHU axxxxbxxxx1 aClase, Pablo,d1953-93872710aPorfirio Rubirosa :bel primer play boy del mundo /cPablo Clase ; prólogo Pedro René Contín Aybar. a4a ed. aSanto Domingo :bTaller,c1986. a178 p. :bil., retrs. ;c21 cm.1 aBiblioteca Tallerv215 aIncluye datos biográficos del autor en la solapa de la contracubierta12aContín Aybar, Pedro René,epról.923772 0aBiblioteca Taller.n215974303 0010718PDaPDbPDcCTd2015-07-15iLF1l0oxxxx xxxxp46288-10r2020-06-25w2020-06-25yLFPDzPerteneció a la bilblioteca personal de Chiqui Vicioso Fidelio Despradel.ZNo se presta c45777d45777